000 00913nac a22002531u 4500
010 _a2001090843
020 _a0-07-122916-7
082 0 0 _a658.421
_bH67315
090 _c1197
_d1197
100 _aHisrich, Robert D.
245 1 0 _aEntrepreneurship /
_cRobert D. Hisrich, Michael P. Peters.
250 _a5th ed.
260 _aBoston :
_bMcGraw-Hill Book Co.
_cc2002.
300 _axix, 663 p. :
_bcol. ill. ;
_c27 cm.
504 _aIncludes bibliographical references and index.
650 0 _aNew business enterprises.
650 0 _aEntrepreneurship.
650 0 _aBusiness planning.
650 0 _aBusiness enterprises
_xFinance.
650 0 _aSuccess in business.
700 1 _aPeters, Michael P.
942 _cBB
_k658.421H67315
999 _c1197
_d1197